000
00303nam a2200121Ia 4500
008
190216s9999||||xx |||||||||||||| ||und||
100
_a
"Bahl B S, Tuli Gd, Arun Bahl"
245
0
_a
Essentials Of Physical Chemistry
260
_b
S Chand & Co
_c
2003
300
_a
1028
650
_a
Chemistry
942
_c
BK
999
_c
3372
_d
3372